000
00296nam a22001337a 4500
020
_a
0-13-382193-5
082
_a
658.155
245
_a
ENGINEERING ECONOMY
250
_a
10th
260
_a
New York
_b
Prentice Hall College Div
_c
1997.
300
_a
648 p. ;
500
_a
Paperback.
942
_c
BK
999
_c
31661
_d
31661